Transperth Train Stations (Perth, Australia) - Statistics

General Stats
  • This quiz has been taken 56 times
    28 since last reset
  • The average score is 107 of 128
Answer Stats
Answer % Correct
Mandurah
100%
MIdland
100%
Murdoch
100%
Perth
100%
Perth Underground
100%
Showgrounds
100%
Subiaco
100%
Yanchep
100%
Alkimos
91%
Armadale
91%
Bayswater
91%
Bull Creek
91%
Butler
91%
City West
91%
Claisebrook
91%
Claremont
91%
Clarkson
91%
Daglish
91%
East Guildford
91%
East Perth
91%
Elizabeth Quay
91%
Ellenbrook
91%
Fremantle
91%
Glendalough
91%
Guildford
91%
Joondalup
91%
Leederville
91%
Maylands
91%
McIver
91%
Meltham
91%
Mosman Park
91%
North Fremantle
91%
Rockingham
91%
Shenton Park
91%
Stirling
91%
Thornlie
91%
West Leederville
91%
Beckenham
82%
Burswood
82%
Canning Bridge
82%
Cannington
82%
Carlisle
82%
Cockburn Central
82%
Cottesloe
82%
Currambine
82%
Eglinton
82%
Grant Street
82%
Karrakatta
82%
Kwinana
82%
Loch Street
82%
Morley
82%
Mt Lawley
82%
Perth Stadium
82%
Victoria Park
82%
Victoria Street
82%
Wellard
82%
Woodbridge
82%
Bassendean
73%
Gosnells
73%
High Wycombe
73%
Kelmscott
73%
Lakelands
73%
Nicholson Road
73%
Noranda
73%
Oats Street
73%
Ranford Road
73%
Redcliffe
73%
Warnbro
73%
Warwick
73%
Whitfords
73%
Airport Central
64%
Aubin Grove
64%
Ballajura
64%
Byford
64%
Challis
64%
Edgewater
64%
Kenwick
64%
Queens Park
64%
Swanbourne
64%
Whiteman Park
64%
Ashfield
55%
Maddington
55%
Seaforth
55%
Success Hill
55%
Greenwood
45%
Sherwood
18%
No matching quizzes found
Score Distribution
Percent of People with Each Score
Percentile by Number Answered
Your Score History
You have not taken this quiz since the last reset